000 00511cam a2200205ua 4500
001 528
005 20260515113158.0
008 110407n ii |||gr||||Z||||||eng
020 _a81-259-0088-8
040 _cMAIN
082 _a327
245 _aInternational relations.
_cBy V N Khanna.
250 _a1st.
260 _aNew Delhi.:
_bVikash publishing house.,996.
300 _a429 p.:
_c20 cm.
653 _aPolitical science.
653 _aInternational relations.
700 _aKhanna V N.,
942 _cBK
999 _c466
_d466